000 01170nam a2200277Ia 4500
003 OSt
005 20221005104357.0
006 a|||||r|||| 00| 0
007 ta
008 221004b |||||||| |||| 00| 0 hin d
020 _a9788186304785 (hbk)
_c200
024 _a122798
037 _b13329, 17/07/2012, Kitab Ghar
_cTextual
040 _aCRL
_cCRL
_bhin
041 _2hin
_ahin
082 _aO157,3M38,22, 152J0;Q1
100 _aचट्टोपाध्याय, बंकिमचन्द्र
_9160381
245 0 _aकृष्णकांत का वसीयतनामा
246 _aKṛuṣhṇakāanta kā vasīyatanāmā
260 _aदिल्ली
_bभारत पुस्तक भण्डार भारत
_c2011
300 _a128पृ0
_ccm.
650 _aबंगाली साहित्य
700 _a बिस्वास, ममता, अनु.
942 _hO157,3M38,22, 152J0;Q1
_cTEXL
_2cc
999 _c1012518
_d1012518